| 000 | 00781fam a2200265 a 4500 | ||
|---|---|---|---|
| 005 | 20260322212028.0 | ||
| 008 | data | ||
| 010 | _a 91021998 | ||
| 020 | _a0880483679 | ||
| 020 | _a9780880483674 | ||
| 040 |
_aDNLM/DLC _cDLC _dDLC |
||
| 050 | 0 | 0 |
_aRC473.C37 _bP78 1992 |
| 060 | _aWM 400 P973 | ||
| 096 | _aWM 400 P973 1992 | ||
| 245 | 0 | 0 |
_aPsychiatric case formulations / _cLen Sperry ... [et al.]. |
| 260 | 0 |
_aWashington, DC : _bAmerican Psychiatric Press, _cc1992. |
|
| 300 |
_aix, 171 p. ; _c24 cm. |
||
| 504 | _aIncludes bibliographical references and index. | ||
| 590 | _aIncludes bibliography and index. | ||
| 650 | 0 |
_aPsychiatry _xCase formulation. |
|
| 650 | 2 |
_aMental Disorders _xtherapy. |
|
| 650 | 2 | _aPatient Care Planning. | |
| 700 | 1 | _aSperry, Len. | |
| 001 | data | ||
| 999 |
_c646 _d646 |
||